<?xml version="1.0" encoding="utf-8"?>
<?xml-stylesheet type='text/xsl' href='./oai2.xsl'?>
<OAI-PMH xmlns="http://www.openarchives.org/OAI/2.0/" xmlns:xsi="http://www.w3.org/2001/XMLSchema-instance" xsi:schemaLocation="http://www.openarchives.org/OAI/2.0/ http://www.openarchives.org/OAI/2.0/OAI-PMH.xsd">
  <responseDate>2026-05-15T18:16:01Z</responseDate>
  <request verb="GetRecord" metadataPrefix="marcxml" identifier="record_kuniweb_2506985">https://kulturerbe.niedersachsen.de/oai</request>
  <GetRecord>
    <record>
      <header>
        <identifier>record_kuniweb_2506985</identifier>
        <datestamp>2025-08-28T09:38:22Z</datestamp>
        <setSpec>slg0279</setSpec>
      </header>
      <metadata>
        <marc:record xmlns:marc="http://www.loc.gov/MARC21/slim" xsi:schemaLocation="http://www.loc.gov/MARC21/slim http://www.loc.gov/standards/marcxml/schema/MARC21slim.xsd">
          <marc:leader>12345nkm  22     uu 4500</marc:leader>
          <marc:controlfield tag="001">2506985</marc:controlfield>
          <marc:controlfield tag="003">http://kuniweb.gbv.de</marc:controlfield>
          <marc:controlfield tag="005">2024-04-17T13:25:31</marc:controlfield>
          <marc:controlfield tag="008">|           ||||||||||||||||||||||</marc:controlfield>
          <marc:datafield tag="245" ind1="1" ind2="0">
            <marc:subfield code="a">Musterblatt mit Ofen 355 in zwei Ausführungen</marc:subfield>
          </marc:datafield>
          <marc:datafield tag="655" ind1=" " ind2="7">
            <marc:subfield code="a">Grafik</marc:subfield>
          </marc:datafield>
          <marc:datafield tag="046" ind1=" " ind2=" ">
            <marc:subfield code="k">1872</marc:subfield>
            <marc:subfield code="k">hergestellt ab 1872</marc:subfield>
          </marc:datafield>
          <marc:datafield tag="260" ind1=" " ind2=" ">
            <marc:subfield code="g">1872</marc:subfield>
            <marc:subfield code="g">hergestellt ab 1872</marc:subfield>
          </marc:datafield>
          <marc:datafield tag="520" ind1=" " ind2=" ">
            <marc:subfield code="a">Die Musterblätter – vier verschiedene Kategorien - hatten ein Format von etwa DIN A4, waren überwiegend in schwarz-weiß gedruckt und dienten der Präsentation des jeweiligen Objekts zu Verkaufszwecken.

Hergestellt wurden sie  bei W. Hiehold &amp; Sohn in Clausthal,
Clausthal und Zellerfeld waren bis 1924 eigenständige Gemeinden. (Förderkreis Königshütte Bad Lauterberg e.V. )

Aufdruck:
Königshütte bei Lauterberg a. Harz Nr. 355 – Dauerbrandofen mit Aufsatz Ganze Höhe 1750 mm Fußbreite 630 mm Unterofen 410 mm breit Heizeffekt 200 cbm Gewicht ca. 265 kg Preis: geschwärzt mit Nickelbeschlag Mk 115,- geschwärzt und teilweise vernickelt MK 145 Nr. 355 – Dauerbrandofen Ganze Höhe 1170 mm Fußbreite 630 mm Unterofen 410 mm breit Heizeffekt 180 cbm Gewicht ca. 230 kg Preis: geschwärzt mit Nickelbeschlag Mk 100,- geschwärzt und teilweise vernickelt MK 125,- Vorzüge Geringer Verbrauch von Brennmaterial bei großer Heizkraft durch den doppelten Hinter- und Sockelzug sowie Luftheizung, angenehme leicht regulierbare Wärmeabgabe, bei einfachster Konstruktion und geschmackvoller Ausstattung. Als Brennmaterial ist Anthrazitkohle, Gaskoks, magere Steinkohle, Briquetts und Braunkohle zu verwenden und ist zum fortwährenden Durchbrennen Anthrazitkohle besonders zu empfehlen. Um den Ofen anzuheizen, bring man auf den beweglichen Rost D dünngespaltenes Holz und darauf etwas Kohle und zünde bei der Reguliertür B an. Erst nach Erhalt größerer Glut fülle man den Ofen je nach Bedarf. Bei Anheizen ist der Schieber G unbedingt aufzuziehen und erst nach dem Durchbrennen der Kohle der Hinter- und Sockelzug zu benutzen. Die Reguliertür B ist bei Öffnen der Fülltür C zu schließen, ebenso direkter Zug zu geben.

Verwendungszweck:
entspricht einem heutigen Verkaufskatalog

Literatur in Zusammenhang:
https://de.wikipedia.org/wiki/Lichtdruck_(Druck) https://www.sammeln-sammler.de/alte …</marc:subfield>
          </marc:datafield>
          <marc:datafield tag="650" ind1="1" ind2=" ">
            <marc:subfield code="a">Musterblatt</marc:subfield>
          </marc:datafield>
          <marc:datafield tag="650" ind1="1" ind2=" ">
            <marc:subfield code="a">Kaminofen</marc:subfield>
          </marc:datafield>
          <marc:datafield tag="650" ind1="1" ind2=" ">
            <marc:subfield code="a">Grafik, Fotografie &gt; Druckgrafik</marc:subfield>
          </marc:datafield>
          <marc:datafield tag="650" ind1="1" ind2=" ">
            <marc:subfield code="a">Handel</marc:subfield>
          </marc:datafield>
          <marc:datafield tag="773" ind1="0" ind2=" ">
            <marc:subfield code="t">Musterblätter - Öfen und Herde</marc:subfield>
          </marc:datafield>
          <marc:datafield tag="852" ind1=" " ind2=" ">
            <marc:subfield code="a">Industriedenkmal Königshütte Bad Lauterberg im Harz</marc:subfield>
          </marc:datafield>
          <marc:datafield tag="852" ind1=" " ind2=" ">
            <marc:subfield code="a">Clausthal-Zellerfeld (Goslar, Niedersachsen)</marc:subfield>
          </marc:datafield>
          <marc:datafield tag="" ind1=" " ind2=" ">
            <marc:subfield code="a">Namensnennung - Nicht kommerziell - Keine Bearbeitungen 4.0 International (CC BY-NC-ND 4.0)</marc:subfield>
          </marc:datafield>
        </marc:record>
      </metadata>
    </record>
  </GetRecord>
</OAI-PMH>
